000 00697nam a2200241 i 4500
001 C2-0004426
003 PPAK
005 20190630221820.0
008 970125s1993 my a|||| ||||| | may d
020 _a9836233725
040 _aPPAK
_beng
_cPPAK
_erda
082 0 4 _a959.5123
_223
090 0 0 _a959.5123
_bARU
_dG
100 1 _aAruna, Gopinath,
_eauthor
245 1 0 _aSejarah politik Pahang 1880 - 1935
264 1 _aKuala Lumpur :
_bDewan Bahasa dan Pustaka ,
_c1993
300 _axiii, 279 pages :
_billustrations ;
_c24 cm
336 _2rdacontent
_atext
337 _2rdamedia
_aunmediated
338 _2rdacarrier
_avolume
650 1 0 _aPahang - Politics and government
942 _ddc
_cB
999 _c1068
_d1068